000 00831cam a2200265 4500
008 #DATE n1995 000 0 eng u
020 _a0632038489
035 _a(Sirsi) u120993
041 _aeng
050 _a526.902469
_c18
100 _aMuskett, John
245 _aSite surveying
250 _a2nd ed.
260 _aOxford
_bBlackwell
_c1995
300 _axiv, 416p.
_bill.
_c24cm.
350 _a22.50
520 _aThis book is designed as a main text for undergraduate and BTEC courses in construction subjects. It should also serve as a reference work on sites, where its theory can be complemented by practical experience.
650 _aCONTROL SURVEYS
650 _aLEVELLING
650 _aSETTING OUT
650 _aTHEODOLITES
650 _aSITE SURVEYING
690 _aBUILT ENVIRONMENT
942 _n0
999 _c102598
_d102598